000 00291nam a22001217a 4500
008 170922b xxu||||| |||| 00| 0 eng d
041 _aeng
080 _23 ED
_a902
100 _a45
101 _aARK
245 _aCHRONOLOGIES IN OLD WORLD ARCHEOLOGY
_cEHRICH.R.W
942 _2udc
_cBK
999 _c28895
_d28895